000 00413nam a2200145Ia 4500
008 230917s9999||||xx |||||||||||||| ||und||
040 _e97428
_aMAIN
041 _aEnglish
082 _a954.02 S23M
100 _aSharma, Ghanshyam Dutt
245 0 _aMadhyakalin bhartiya samajik., aarthik evam rajnitik sansthayen
260 _aJaipur
_bRajasthan Hindi Granth Academy
_c1986
300 _aii,372 p.
942 _cBK
999 _c58432
_d58432